[Event "Edmonton int."]
[Site "Edmonton CAN"]
[Date "2019.06.19"]
[Round "2.3"]
[White "Dave, Bhavik"]
[Black "Noritsyn, Nikolay"]
[Result "0-1"]
[WhiteElo "1818"]
[BlackElo "2508"]
[PlyCount "68"]
[EventDate "2019.06.19"]
[EventType "tourn"]
[EventRounds "9"]
[EventCountry "CAN"]
[TimeControl "1"]

1. d4 {[%emt 0:00:00]} e6 {[%emt 0:00:20]} 2. Nf3 {[%emt 0:00:24]} d5 {
[%emt 0:01:12]} 3. g3 {[%emt 0:00:45]} Nf6 {[%emt 0:00:27]} 4. Bg2 {
[%emt 0:00:10]} b5 {[%emt 0:01:14]} 5. O-O {[%emt 0:01:28]} Be7 {[%emt 0:04:23]
} 6. b3 {[%emt 0:00:09]} Ba6 {[%emt 0:02:44]} 7. Bb2 {[%emt 0:03:09]} Nbd7 {
[%emt 0:02:00]} 8. Nfd2 {[%emt 0:13:14]} O-O {[%emt 0:04:21]} 9. e4 {
[%emt 0:02:00]} c5 {[%emt 0:01:30]} 10. dxc5 {[%emt 0:05:26]} Nxc5 {
[%emt 0:00:59]} 11. exd5 {[%emt 0:03:42]} exd5 {[%emt 0:03:55]} 12. Nc3 {
[%emt 0:07:49]} Rc8 {[%emt 0:05:37]} 13. Re1 {[%emt 0:03:17]} Re8 {
[%emt 0:06:13]} 14. Ne2 {[%emt 0:03:06]} Qb6 {[%emt 0:08:18]} 15. Bd4 {
[%emt 0:03:26]} Qc7 {[%emt 0:11:01]} 16. Nf4 {[%emt 0:04:05]} Bb7 {
[%emt 0:00:45]} 17. Be5 {[%emt 0:12:50]} Qa5 {[%emt 0:03:41]} 18. Bh3 {
[%emt 0:08:36]} Rcd8 {[%emt 0:03:29]} 19. Nd3 {[%emt 0:02:00]} Nce4 {
[%emt 0:02:25]} 20. Nf3 {[%emt 0:04:38]} b4 {[%emt 0:11:35]} 21. Qc1 {
[%emt 0:07:03]} Qb5 {[%emt 0:11:08]} 22. Nd4 {[%emt 0:03:58]} Qb6 {
[%emt 0:00:25]} 23. Qe3 {[%emt 0:04:00]} Bf8 {[%emt 0:02:24]} 24. Nf3 {
[%emt 0:02:46]} Nc5 {[%emt 0:07:42]} 25. Qc1 {[%emt 0:02:28]} d4 {
[%emt 0:01:09]} 26. Bg2 {[%emt 0:01:38]} Nce4 {[%emt 0:01:38]} 27. Ng5 {
[%emt 0:00:56]} Nxg5 {[%emt 0:01:30]} 28. Bxb7 {[%emt 0:00:32]} Nh3+ {
[%emt 0:00:19]} 29. Kg2 {[%emt 0:00:24]} Qxb7+ {[%emt 0:00:39]} 30. Kxh3 {
[%emt 0:00:17]} Re6 {[%emt 0:01:24]} 31. Nf4 {[%emt 0:00:51]} Rc6 {
[%emt 0:00:07]} 32. Qd1 {[%emt 0:00:36]} Nd7 {[%emt 0:00:43]} 33. Qf3 {
[%emt 0:00:31]} Rh6+ {[%emt 0:00:14]} 34. Kg4 {[%emt 0:00:32]} f5+ {
[%emt 0:00:16]} 0-1

[Event "Edmonton int."]
[Site "Edmonton CAN"]
[Date "2019.06.19"]
[Round "2.4"]
[White "Findlay, Ian"]
[Black "Shabalov, Alexander"]
[Result "1-0"]
[WhiteElo "2206"]
[BlackElo "2528"]
[PlyCount "87"]
[EventDate "2019.06.19"]
[EventType "tourn"]
[EventRounds "9"]
[EventCountry "CAN"]
[TimeControl "1"]

1. e4 {[%emt 0:00:00]} c5 {[%emt 0:00:06]} 2. Nf3 {[%emt 0:00:06]} d6 {
[%emt 0:00:05]} 3. d4 {[%emt 0:00:08]} cxd4 {[%emt 0:00:05]} 4. Nxd4 {
[%emt 0:00:11]} Nf6 {[%emt 0:00:05]} 5. Nc3 {[%emt 0:00:10]} g6 {[%emt 0:00:06]
} 6. Be3 {[%emt 0:00:08]} a6 {[%emt 0:00:10]} 7. f3 {[%emt 0:00:06]} b5 {
[%emt 0:00:18]} 8. Qd2 {[%emt 0:00:06]} Bb7 {[%emt 0:00:19]} 9. a4 {
[%emt 0:00:34]} e5 {[%emt 0:01:05]} 10. Nb3 {[%emt 0:00:43]} b4 {[%emt 0:00:52]
} 11. Nd5 {[%emt 0:00:36]} Nxd5 {[%emt 0:00:48]} 12. exd5 {[%emt 0:00:05]} Nd7
{[%emt 0:00:19]} 13. Rd1 {[%emt 0:02:13]} a5 {[%emt 0:00:45]} 14. Bb5 {
[%emt 0:10:32]} Bg7 {[%emt 0:00:06]} 15. O-O {[%emt 0:02:12]} O-O {
[%emt 0:04:19]} 16. c3 {[%emt 0:00:45]} Nb6 {[%emt 0:14:33]} 17. c4 {
[%emt 0:11:48]} Ba6 {[%emt 0:02:08]} 18. Qd3 {[%emt 0:06:58]} Bxb5 {
[%emt 0:05:28]} 19. axb5 {[%emt 0:00:16]} a4 {[%emt 0:02:38]} 20. c5 {
[%emt 0:03:59]} dxc5 {[%emt 0:20:31]} 21. Nxc5 {[%emt 0:00:30]} a3 {
[%emt 0:00:04]} 22. b3 {[%emt 0:10:13]} a2 {[%emt 0:15:50]} 23. Na6 {
[%emt 0:02:45]} Re8 {[%emt 0:00:06]} 24. d6 {[%emt 0:16:25]} f5 {[%emt 0:07:01]
} 25. Qd2 {[%emt 0:04:05]} f4 {[%emt 0:08:02]} 26. Bf2 {[%emt 0:08:14]} e4 {
[%emt 0:01:43]} 27. fxe4 {[%emt 0:00:57]} a1=Q {[%emt 0:13:34]} 28. Rxa1 {
[%emt 0:00:10]} Bxa1 {[%emt 0:00:12]} 29. Rxa1 {[%emt 0:00:10]} Rxe4 {
[%emt 0:00:31]} 30. Rd1 {[%emt 0:00:25]} Re5 {[%emt 0:00:08]} 31. Nc7 {
[%emt 0:01:18]} Rb8 {[%emt 0:00:09]} 32. Qxf4 {[%emt 0:00:43]} Rf5 {
[%emt 0:01:04]} 33. Qe4 {[%emt 0:02:21]} Qd7 {[%emt 0:00:50]} 34. Qc6 {
[%emt 0:00:58]} Rxf2 {[%emt 0:01:47]} 35. Kxf2 {[%emt 0:02:17]} Rf8+ {
[%emt 0:00:56]} 36. Kg1 {[%emt 0:00:20]} Qg4 {[%emt 0:00:04]} 37. Qc2 {
[%emt 0:01:39]} Rf7 {[%emt 0:00:42]} 38. h3 {[%emt 0:01:04]} Qg3 {
[%emt 0:00:23]} 39. Qd3 {[%emt 0:03:00]} Qf2+ {[%emt 0:00:55]} 40. Kh1 {
[%emt 0:00:13]} Nd7 {[%emt 0:00:05]} 41. Nd5 {[%emt 0:01:46]} Ne5 {
[%emt 0:03:01]} 42. Ne7+ {[%emt 0:04:37]} Kf8 {[%emt 0:00:17]} 43. Qd4 {
[%emt 0:01:32]} Qe2 {[%emt 0:01:05]} 44. Nc6 {[%emt 0:03:47]} 1-0

[Event "Edmonton int."]
[Site "Edmonton CAN"]
[Date "2019.06.19"]
[Round "2.5"]
[White "Porper, Edward"]
[Black "Zierk, Steven"]
[Result "1/2-1/2"]
[WhiteElo "2382"]
[BlackElo "2490"]
[PlyCount "88"]
[EventDate "2019.06.19"]
[EventType "tourn"]
[EventRounds "9"]
[EventCountry "CAN"]
[TimeControl "1"]

1. d4 {[%emt 0:00:02]} Nf6 {[%emt 0:00:58]} 2. c4 {[%emt 0:00:03]} e6 {
[%emt 0:00:07]} 3. Nf3 {[%emt 0:00:07]} Bb4+ {[%emt 0:00:40]} 4. Bd2 {
[%emt 0:00:04]} Qe7 {[%emt 0:00:18]} 5. g3 {[%emt 0:00:49]} b6 {[%emt 0:04:10]}
6. Bg2 {[%emt 0:00:22]} Bb7 {[%emt 0:00:30]} 7. O-O {[%emt 0:00:45]} Bxd2 {
[%emt 0:00:47]} 8. Qxd2 {[%emt 0:00:55]} O-O {[%emt 0:02:33]} 9. Nc3 {
[%emt 0:01:33]} d6 {[%emt 0:03:58]} 10. d5 {[%emt 0:04:02]} a5 {[%emt 0:11:06]}
11. Nd4 {[%emt 0:01:14]} Na6 {[%emt 0:08:58]} 12. e4 {[%emt 0:08:05]} Nc5 {
[%emt 0:03:48]} 13. Rfe1 {[%emt 0:04:15]} Rfe8 {[%emt 0:02:47]} 14. b3 {
[%emt 0:01:21]} Qf8 {[%emt 0:06:14]} 15. h3 {[%emt 0:06:24]} g6 {[%emt 0:08:42]
} 16. Rab1 {[%emt 0:07:19]} Red8 {[%emt 0:08:52]} 17. a3 {[%emt 0:04:32]} e5 {
[%emt 0:01:05]} 18. Ndb5 {[%emt 0:03:23]} c6 {[%emt 0:00:56]} 19. dxc6 {
[%emt 0:02:40]} Bxc6 {[%emt 0:00:03]} 20. b4 {[%emt 0:01:43]} Bxb5 {
[%emt 0:05:54]} 21. Nxb5 {[%emt 0:01:12]} Ne6 {[%emt 0:01:58]} 22. Qe3 {
[%emt 0:02:21]} Rdb8 {[%emt 0:02:43]} 23. Red1 {[%emt 0:01:22]} Ne8 {
[%emt 0:00:13]} 24. h4 {[%emt 0:02:11]} N6c7 {[%emt 0:03:30]} 25. Nxc7 {
[%emt 0:02:26]} Nxc7 {[%emt 0:00:02]} 26. Bh3 {[%emt 0:00:25]} axb4 {
[%emt 0:03:06]} 27. axb4 {[%emt 0:04:02]} Qe7 {[%emt 0:01:39]} 28. Qd3 {
[%emt 0:03:18]} Rd8 {[%emt 0:00:56]} 29. Ra1 {[%emt 0:02:45]} Na6 {
[%emt 0:03:24]} 30. Qb3 {[%emt 0:05:50]} Qb7 {[%emt 0:02:02]} 31. Ra3 {
[%emt 0:09:24]} h5 {[%emt 0:02:12]} 32. Rda1 {[%emt 0:01:47]} Nc7 {
[%emt 0:01:21]} 33. Qd3 {[%emt 0:01:01]} Rxa3 {[%emt 0:01:56]} 34. Rxa3 {
[%emt 0:00:03]} Qc6 {[%emt 0:02:02]} 35. Ra7 {[%emt 0:03:13]} Ra8 {
[%emt 0:00:57]} 36. Rxa8+ {[%emt 0:00:08]} Nxa8 {[%emt 0:01:09]} 37. b5 {
[%emt 0:07:17]} Qc5 {[%emt 0:00:50]} 38. Qd5 {[%emt 0:01:07]} Nc7 {
[%emt 0:02:22]} 39. Qxc5 {[%emt 0:00:02]} dxc5 {[%emt 0:00:53]} 40. f4 {
[%emt 0:01:44]} exf4 {[%emt 0:00:58]} 41. gxf4 {[%emt 0:00:02]} f6 {
[%emt 0:00:25]} 42. Kf2 {[%emt 0:02:35]} Kf7 {[%emt 0:00:58]} 43. Ke3 {
[%emt 0:00:37]} Ne8 {[%emt 0:01:18]} 44. e5 {[%emt 0:01:44]} f5 {
Ke4 [%emt 00:00:23] [%emt 0:01:41]} 1/2-1/2

[Event "Edmonton int."]
[Site "Edmonton CAN"]
[Date "2019.06.19"]
[Round "3.1"]
[White "Zierk, Steven"]
[Black "Daggupati, Balaji"]
[Result "1-0"]
[WhiteElo "2490"]
[BlackElo "2331"]
[PlyCount "81"]
[EventDate "2019.06.19"]
[EventType "tourn"]
[EventRounds "9"]
[EventCountry "CAN"]
[TimeControl "1"]

1. d4 {[%emt 0:00:23]} d5 {[%emt 0:00:06]} 2. c4 {[%emt 0:00:04]} c6 {
[%emt 0:00:05]} 3. Nf3 {[%emt 0:00:19]} Nf6 {[%emt 0:00:06]} 4. Qb3 {
[%emt 0:00:27]} dxc4 {[%emt 0:01:05]} 5. Qxc4 {[%emt 0:00:05]} Bf5 {
[%emt 0:04:41]} 6. g3 {[%emt 0:00:08]} Nbd7 {[%emt 0:01:02]} 7. Bg2 {
[%emt 0:02:20]} Nb6 {[%emt 0:05:17]} 8. Qb3 {[%emt 0:01:45]} Qd5 {
[%emt 0:03:44]} 9. Nbd2 {[%emt 0:03:42]} Ne4 {[%emt 0:08:16]} 10. Ne5 {
[%emt 0:08:03]} e6 {[%emt 0:10:34]} 11. Qxd5 {[%emt 0:13:54]} exd5 {
[%emt 0:01:08]} 12. g4 {[%emt 0:02:09]} Be6 {[%emt 0:06:12]} 13. Nxe4 {
[%emt 0:01:19]} dxe4 {[%emt 0:00:14]} 14. Bxe4 {[%emt 0:00:33]} O-O-O {
[%emt 0:01:47]} 15. f3 {[%emt 0:06:21]} f6 {[%emt 0:01:49]} 16. Nd3 {
[%emt 0:00:51]} Rxd4 {[%emt 0:01:10]} 17. Be3 {[%emt 0:02:20]} Ra4 {
[%emt 0:01:09]} 18. Kf2 {[%emt 0:05:32]} Ra5 {[%emt 0:16:04]} 19. b3 {
[%emt 0:07:13]} Bd6 {[%emt 0:03:34]} 20. Bd2 {[%emt 0:05:24]} Rb5 {
[%emt 0:00:53]} 21. Nf4 {[%emt 0:02:52]} Bf7 {[%emt 0:01:53]} 22. h4 {
[%emt 0:00:54]} h5 {[%emt 0:03:36]} 23. Bd3 {[%emt 0:04:05]} Re5 {
[%emt 0:01:33]} 24. Bg6 {[%emt 0:01:38]} Bc5+ {[%emt 0:03:46]} 25. Ke1 {
[%emt 0:00:44]} Bd4 {[%emt 0:03:15]} 26. Rd1 {[%emt 0:06:07]} Bd5 {
[%emt 0:02:55]} 27. Bf5+ {[%emt 0:00:47]} Kb8 {[%emt 0:03:18]} 28. Ng6 {
[%emt 0:02:15]} Bxf3 {[%emt 0:00:07]} 29. Bf4 {[%emt 0:00:31]} Bxh1 {
[%emt 0:00:49]} 30. Nxh8 {[%emt 0:00:50]} c5 {[%emt 0:02:15]} 31. e3 {
[%emt 0:03:52]} hxg4 {[%emt 0:08:23]} 32. Bxg4 {[%emt 0:01:39]} Nd5 {
[%emt 0:03:08]} 33. Bxe5+ {[%emt 0:01:55]} Bxe5 {[%emt 0:00:05]} 34. Kf2 {
[%emt 0:00:15]} Be4 {[%emt 0:00:11]} 35. Nf7 {[%emt 0:00:11]} Bb2 {
[%emt 0:02:33]} 36. Bf3 {[%emt 0:01:15]} Nc3 {[%emt 0:00:06]} 37. Rd7 {
[%emt 0:00:09]} f5 {[%emt 0:01:29]} 38. Nd6 {[%emt 0:00:17]} Bxf3 {
[%emt 0:00:07]} 39. Kxf3 {[%emt 0:00:03]} Nxa2 {[%emt 0:00:07]} 40. Ne8 {
[%emt 0:04:31]} Kc8 {[%emt 0:01:02]} 41. Rd2 {[%emt 0:00:06]} 1-0

[Event "Edmonton int."]
[Site "Edmonton CAN"]
[Date "2019.06.19"]
[Round "3.2"]
[White "Shabalov, Alexander"]
[Black "Porper, Edward"]
[Result "1/2-1/2"]
[WhiteElo "2528"]
[BlackElo "2382"]
[PlyCount "73"]
[EventDate "2019.06.19"]
[EventType "tourn"]
[EventRounds "9"]
[EventCountry "CAN"]
[TimeControl "1"]

1. d4 {[%emt 0:01:08]} d5 {[%emt 0:00:08]} 2. c4 {[%emt 0:00:21]} c6 {
[%emt 0:00:02]} 3. Nf3 {[%emt 0:00:49]} Nf6 {[%emt 0:00:06]} 4. Nbd2 {
[%emt 0:00:16]} g6 {[%emt 0:03:15]} 5. g3 {[%emt 0:00:42]} Bg7 {[%emt 0:00:09]}
6. Bg2 {[%emt 0:00:10]} O-O {[%emt 0:00:13]} 7. O-O {[%emt 0:00:09]} Ne4 {
[%emt 0:09:11]} 8. Qb3 {[%emt 0:03:55]} Nxd2 {[%emt 0:07:49]} 9. Bxd2 {
[%emt 0:00:48]} dxc4 {[%emt 0:00:18]} 10. Qxc4 {[%emt 0:00:11]} Be6 {
[%emt 0:01:39]} 11. Qb4 {[%emt 0:10:50]} Bd5 {[%emt 0:04:20]} 12. Rfd1 {
[%emt 0:05:34]} b6 {[%emt 0:03:16]} 13. Bf4 {[%emt 0:10:00]} a5 {[%emt 0:17:45]
} 14. Qd2 {[%emt 0:08:33]} Nd7 {[%emt 0:03:01]} 15. Qd3 {[%emt 0:10:46]} Nf6 {
[%emt 0:08:08]} 16. a3 {[%emt 0:07:32]} Be4 {[%emt 0:03:25]} 17. Qe3 {
[%emt 0:02:13]} Qd5 {[%emt 0:03:03]} 18. Rac1 {[%emt 0:02:20]} a4 {
[%emt 0:03:43]} 19. h3 {[%emt 0:03:00]} Ra5 {[%emt 0:00:33]} 20. Rc3 {
[%emt 0:05:28]} Rb5 {[%emt 0:01:14]} 21. Qc1 {[%emt 0:09:18]} Qa2 {
[%emt 0:04:52]} 22. Rd2 {[%emt 0:00:05]} Nd5 {[%emt 0:03:15]} 23. Rc4 {
[%emt 0:01:08]} Nxf4 {[%emt 0:03:49]} 24. gxf4 {[%emt 0:00:14]} Bd5 {
[%emt 0:00:51]} 25. Rxa4 {[%emt 0:03:05]} c5 {[%emt 0:02:16]} 26. Ne5 {
[%emt 0:01:53]} Bxg2 {[%emt 0:01:02]} 27. Kxg2 {[%emt 0:00:11]} cxd4 {
[%emt 0:00:47]} 28. Qc4 {[%emt 0:04:08]} Qxc4 {[%emt 0:00:53]} 29. Rxc4 {
[%emt 0:01:33]} Bxe5 {[%emt 0:00:25]} 30. fxe5 {[%emt 0:00:05]} Rxe5 {
[%emt 0:00:16]} 31. Rcxd4 {[%emt 0:00:10]} Rc8 {[%emt 0:03:29]} 32. Rd8+ {
[%emt 0:01:31]} Rxd8 {[%emt 0:00:02]} 33. Rxd8+ {[%emt 0:00:06]} Kg7 {
[%emt 0:00:02]} 34. e3 {[%emt 0:00:09]} Rc5 {[%emt 0:04:23]} 35. Rd4 {
[%emt 0:00:36]} b5 {[%emt 0:01:33]} 36. Rb4 {[%emt 0:00:38]} f5 {[%emt 0:01:01]
} 37. b3 {[%emt 0:01:40]} 1/2-1/2

[Event "Edmonton int."]
[Site "Edmonton CAN"]
[Date "2019.06.19"]
[Round "3.3"]
[White "Noritsyn, Nikolay"]
[Black "Findlay, Ian"]
[Result "1-0"]
[WhiteElo "2508"]
[BlackElo "2206"]
[PlyCount "81"]
[EventDate "2019.06.19"]
[EventType "tourn"]
[EventRounds "9"]
[EventCountry "CAN"]
[TimeControl "1"]

1. e4 {[%emt 0:00:10]} c5 {[%emt 0:00:10]} 2. Nf3 {[%emt 0:00:06]} d6 {
[%emt 0:00:06]} 3. d4 {[%emt 0:00:18]} cxd4 {[%emt 0:00:11]} 4. Nxd4 {
[%emt 0:00:05]} Nf6 {[%emt 0:00:10]} 5. Nc3 {[%emt 0:00:09]} g6 {[%emt 0:00:09]
} 6. Be3 {[%emt 0:00:09]} Bg7 {[%emt 0:00:07]} 7. f3 {[%emt 0:00:10]} Nc6 {
[%emt 0:00:31]} 8. Qd2 {[%emt 0:00:08]} O-O {[%emt 0:00:09]} 9. O-O-O {
[%emt 0:00:23]} d5 {[%emt 0:00:09]} 10. Nxc6 {[%emt 0:00:19]} bxc6 {
[%emt 0:00:09]} 11. Bh6 {[%emt 0:00:16]} Bxh6 {[%emt 0:02:46]} 12. Qxh6 {
[%emt 0:00:26]} Rb8 {[%emt 0:00:11]} 13. e5 {[%emt 0:03:53]} Nd7 {
[%emt 0:00:14]} 14. h4 {[%emt 0:01:05]} Nxe5 {[%emt 0:00:15]} 15. h5 {
[%emt 0:00:33]} Bf5 {[%emt 0:00:36]} 16. g4 {[%emt 0:02:54]} f6 {[%emt 0:00:26]
} 17. Qd2 {[%emt 0:11:19]} Be6 {[%emt 0:53:15]} 18. hxg6 {[%emt 0:00:40]} Nxg6
{[%emt 0:01:20]} 19. Bd3 {[%emt 0:14:58]} Rf7 {[%emt 0:00:31]} 20. Ne2 {
[%emt 0:03:17]} Qb6 {[%emt 0:08:30]} 21. b3 {[%emt 0:00:43]} Rg7 {
[%emt 0:00:09]} 22. Ng3 {[%emt 0:07:13]} Qb4 {[%emt 0:06:29]} 23. Qh2 {
[%emt 0:06:04]} Qf4+ {[%emt 0:00:46]} 24. Kb1 {[%emt 0:00:18]} Kf8 {
[%emt 0:04:30]} 25. Qf2 {[%emt 0:12:52]} Bxg4 {[%emt 0:02:49]} 26. Ne2 {
[%emt 0:02:53]} Qxf3 {[%emt 0:01:23]} 27. Qxa7 {[%emt 0:00:20]} Rc8 {
[%emt 0:00:31]} 28. Rdf1 {[%emt 0:05:43]} Qg2 {[%emt 0:04:13]} 29. Rfg1 {
[%emt 0:00:31]} Qf3 {[%emt 0:00:12]} 30. Nd4 {[%emt 0:07:23]} Qf4 {
[%emt 0:03:07]} 31. Rxg4 {[%emt 0:00:27]} Qxg4 {[%emt 0:00:22]} 32. Bf5 {
[%emt 0:00:12]} Qg2 {[%emt 0:00:54]} 33. Ne6+ {[%emt 0:02:54]} Kf7 {
[%emt 0:02:56]} 34. Rg1 {[%emt 0:00:17]} Qf3 {[%emt 0:00:30]} 35. Nxg7 {
[%emt 0:00:21]} Rg8 {[%emt 0:03:16]} 36. Bg4 {[%emt 0:06:03]} Qf4 {
[%emt 0:01:19]} 37. Be6+ {[%emt 0:00:46]} Kxg7 {[%emt 0:00:09]} 38. Bxg8 {
[%emt 0:00:05]} Kxg8 {[%emt 0:00:20]} 39. Qxe7 {[%emt 0:00:21]} Qf2 {
[%emt 0:02:30]} 40. Qe8+ {[%emt 0:00:29]} Kg7 {[%emt 0:00:11]} 41. Qd7+ {
[%emt 0:00:40]} 1-0

[Event "Edmonton int."]
[Site "Edmonton CAN"]
[Date "2019.06.19"]
[Round "3.4"]
[White "Banerjee, Bitan"]
[Black "Dave, Bhavik"]
[Result "1-0"]
[WhiteElo "2427"]
[BlackElo "1818"]
[PlyCount "67"]
[EventDate "2019.06.19"]
[EventType "tourn"]
[EventRounds "9"]
[EventCountry "CAN"]
[TimeControl "1"]

1. Nf3 {[%emt 0:00:05]} Nf6 {[%emt 0:00:34]} 2. c4 {[%emt 0:00:06]} e6 {
[%emt 0:02:43]} 3. g3 {[%emt 0:01:49]} d5 {[%emt 0:00:47]} 4. Bg2 {
[%emt 0:00:05]} c6 {[%emt 0:00:46]} 5. O-O {[%emt 0:00:20]} Nbd7 {
[%emt 0:00:56]} 6. d4 {[%emt 0:00:42]} Be7 {[%emt 0:02:25]} 7. Qc2 {
[%emt 0:07:56]} O-O {[%emt 0:00:24]} 8. Bf4 {[%emt 0:00:04]} Nh5 {
[%emt 0:03:33]} 9. Bd2 {[%emt 0:00:08]} Bd6 {[%emt 0:07:58]} 10. e4 {
[%emt 0:05:34]} dxe4 {[%emt 0:04:45]} 11. Qxe4 {[%emt 0:05:36]} Re8 {
[%emt 0:01:34]} 12. Bc3 {[%emt 0:09:11]} Qe7 {[%emt 0:06:38]} 13. a3 {
[%emt 0:04:19]} Nf8 {[%emt 0:09:04]} 14. Nbd2 {[%emt 0:03:22]} Nf6 {
[%emt 0:03:11]} 15. Qe2 {[%emt 0:00:48]} Rb8 {[%emt 0:04:40]} 16. Ne5 {
[%emt 0:03:59]} N6d7 {[%emt 0:02:39]} 17. Ne4 {[%emt 0:06:17]} c5 {
[%emt 0:15:50]} 18. Nxd6 {[%emt 0:02:40]} Qxd6 {[%emt 0:00:24]} 19. dxc5 {
[%emt 0:00:05]} Nxc5 {[%emt 0:08:54]} 20. Nxf7 {[%emt 0:02:31]} Kxf7 {
[%emt 0:02:55]} 21. Be5 {[%emt 0:00:05]} Qd3 {[%emt 0:01:59]} 22. Qxd3 {
[%emt 0:02:24]} Nxd3 {[%emt 0:00:18]} 23. Bxb8 {[%emt 0:00:05]} Nxb2 {
[%emt 0:00:43]} 24. Bxa7 {[%emt 0:00:42]} Nxc4 {[%emt 0:01:37]} 25. Rfc1 {
[%emt 0:00:05]} b5 {[%emt 0:05:44]} 26. a4 {[%emt 0:01:51]} Bd7 {[%emt 0:00:48]
} 27. a5 {[%emt 0:00:08]} Ng6 {[%emt 0:02:14]} 28. Bd4 {[%emt 0:01:09]} Ne7 {
[%emt 0:00:59]} 29. a6 {[%emt 0:02:20]} Nc6 {[%emt 0:03:16]} 30. Bc5 {
[%emt 0:02:21]} N4a5 {[%emt 0:03:16]} 31. Rab1 {[%emt 0:00:52]} Ra8 {
[%emt 0:02:00]} 32. a7 {[%emt 0:01:03]} Nb7 {[%emt 0:02:26]} 33. Be3 {
[%emt 0:01:04]} Nca5 {[%emt 0:00:40]} 34. Bxb7 {[%emt 0:00:17]} 1-0

[Event "Edmonton int."]
[Site "Edmonton CAN"]
[Date "2019.06.19"]
[Round "3.5"]
[White "Paragua, Mark"]
[Black "Balakrishnan, Praveen"]
[Result "1-0"]
[WhiteElo "2501"]
[BlackElo "2428"]
[PlyCount "83"]
[EventDate "2019.06.19"]
[EventType "tourn"]
[EventRounds "9"]
[EventCountry "CAN"]
[TimeControl "1"]

1. d4 {[%emt 0:00:36]} Nf6 {[%emt 0:00:10]} 2. Nf3 {[%emt 0:00:23]} g6 {
[%emt 0:00:08]} 3. c4 {[%emt 0:06:12]} c5 {[%emt 0:00:58]} 4. d5 {
[%emt 0:03:26]} d6 {[%emt 0:00:44]} 5. Nc3 {[%emt 0:00:36]} Bg7 {[%emt 0:00:15]
} 6. e4 {[%emt 0:00:35]} O-O {[%emt 0:00:28]} 7. h3 {[%emt 0:00:25]} e5 {
[%emt 0:02:12]} 8. Be3 {[%emt 0:03:38]} Ne8 {[%emt 0:07:02]} 9. g4 {
[%emt 0:00:55]} f5 {[%emt 0:13:01]} 10. gxf5 {[%emt 0:05:14]} gxf5 {
[%emt 0:00:08]} 11. exf5 {[%emt 0:00:34]} Bxf5 {[%emt 0:05:53]} 12. Ng5 {
[%emt 0:08:32]} Qe7 {[%emt 0:27:07]} 13. Bd3 {[%emt 0:02:34]} e4 {
[%emt 0:03:03]} 14. Ngxe4 {[%emt 0:10:32]} Nd7 {[%emt 0:05:55]} 15. Bc2 {
[%emt 0:27:28]} Nb6 {[%emt 0:11:49]} 16. Qe2 {[%emt 0:08:34]} Bxc3+ {
[%emt 0:02:55]} 17. bxc3 {[%emt 0:00:05]} Bxe4 {[%emt 0:01:04]} 18. Rg1+ {
[%emt 0:00:10]} Bg6 {[%emt 0:02:09]} 19. Bxg6 {[%emt 0:00:16]} hxg6 {
[%emt 0:00:10]} 20. Rxg6+ {[%emt 0:00:48]} Ng7 {[%emt 0:00:12]} 21. O-O-O {
[%emt 0:00:40]} Rf7 {[%emt 0:09:23]} 22. Rdg1 {[%emt 0:01:33]} Re8 {
[%emt 0:04:23]} 23. Re6 {[%emt 0:13:23]} Qf8 {[%emt 0:00:06]} 24. Bxc5 {
[%emt 0:04:40]} Rxe6 {[%emt 0:02:42]} 25. dxe6 {[%emt 0:00:05]} Rc7 {
[%emt 0:00:23]} 26. Bd4 {[%emt 0:00:27]} Nc8 {[%emt 0:00:38]} 27. Qe4 {
[%emt 0:00:53]} b5 {[%emt 0:00:31]} 28. cxb5 {[%emt 0:00:34]} Qe8 {
[%emt 0:00:29]} 29. e7 {[%emt 0:00:20]} Qxe7 {[%emt 0:00:33]} 30. Rxg7+ {
[%emt 0:00:33]} Qxg7 {[%emt 0:00:03]} 31. Bxg7 {[%emt 0:00:06]} Kxg7 {
[%emt 0:00:04]} 32. Qd4+ {[%emt 0:00:34]} Kg6 {[%emt 0:00:06]} 33. h4 {
[%emt 0:00:18]} Rc5 {[%emt 0:00:03]} 34. Qg4+ {[%emt 0:00:14]} Kf6 {
[%emt 0:00:30]} 35. Qf3+ {[%emt 0:00:30]} Kg6 {[%emt 0:00:13]} 36. h5+ {
[%emt 0:00:38]} Kg5 {[%emt 0:00:40]} 37. Qh3 {[%emt 0:00:06]} Kh6 {
[%emt 0:01:28]} 38. Qg4 {[%emt 0:00:08]} Kh7 {[%emt 0:00:35]} 39. Qg6+ {
[%emt 0:00:34]} Kh8 {[%emt 0:00:04]} 40. Qf6+ {[%emt 0:00:11]} Kh7 {
[%emt 0:00:13]} 41. Qf7+ {[%emt 0:00:19]} Kh8 {[%emt 0:00:08]} 42. h6 {
[%emt 0:00:05]} 1-0

[Event "Edmonton int."]
[Site "Edmonton CAN"]
[Date "2019.06.20"]
[Round "4.1"]
[White "Daggupati, Balaji"]
[Black "Balakrishnan, Praveen"]
[Result "1/2-1/2"]
[WhiteElo "2331"]
[BlackElo "2428"]
[PlyCount "61"]
[EventDate "2019.06.19"]
[EventType "tourn"]
[EventRounds "9"]
[EventCountry "CAN"]
[TimeControl "1"]

1. e4 {[%emt 0:00:03]} c5 {[%emt 0:00:06]} 2. Nf3 {[%emt 0:00:05]} Nc6 {
[%emt 0:00:05]} 3. Bb5 {[%emt 0:00:06]} g6 {[%emt 0:00:06]} 4. O-O {
[%emt 0:00:06]} Bg7 {[%emt 0:00:04]} 5. Re1 {[%emt 0:00:05]} e5 {[%emt 0:00:46]
} 6. b4 {[%emt 0:00:06]} Nxb4 {[%emt 0:00:31]} 7. Bb2 {[%emt 0:02:51]} a6 {
[%emt 0:00:14]} 8. a3 {[%emt 0:02:06]} axb5 {[%emt 0:00:25]} 9. axb4 {
[%emt 0:00:06]} Rxa1 {[%emt 0:00:05]} 10. Bxa1 {[%emt 0:00:07]} d6 {
[%emt 0:00:51]} 11. bxc5 {[%emt 0:00:36]} Ne7 {[%emt 0:00:39]} 12. cxd6 {
[%emt 0:04:10]} Qxd6 {[%emt 0:01:24]} 13. d4 {[%emt 0:01:14]} exd4 {
[%emt 0:24:34]} 14. Bxd4 {[%emt 0:10:29]} O-O {[%emt 0:09:36]} 15. Bxg7 {
[%emt 0:08:00]} Qxd1 {[%emt 0:00:17]} 16. Rxd1 {[%emt 0:00:04]} Kxg7 {
[%emt 0:00:07]} 17. Nd4 {[%emt 0:11:45]} Bd7 {[%emt 0:14:15]} 18. Na3 {
[%emt 0:00:25]} b4 {[%emt 0:09:30]} 19. Nc4 {[%emt 0:00:48]} Nc6 {
[%emt 0:05:21]} 20. Nb6 {[%emt 0:01:55]} Bg4 {[%emt 0:03:24]} 21. f3 {
[%emt 0:02:50]} Rd8 {[%emt 0:00:36]} 22. Nd5 {[%emt 0:01:54]} Be6 {
[%emt 0:02:16]} 23. Nb3 {[%emt 0:04:10]} Ne7 {[%emt 0:03:18]} 24. Rd4 {
[%emt 0:00:55]} Bxd5 {[%emt 0:12:47]} 25. exd5 {[%emt 0:00:06]} Nxd5 {
[%emt 0:00:25]} 26. Nc5 {[%emt 0:00:06]} Kf6 {[%emt 0:08:09]} 27. Nd3 {
[%emt 0:00:08]} Ke6 {[%emt 0:01:32]} 28. Nxb4 {[%emt 0:00:09]} Rd6 {
[%emt 0:00:11]} 29. Nxd5 {[%emt 0:01:41]} Rxd5 {[%emt 0:00:07]} 30. Rb4 {
[%emt 0:00:15]} b5 {[%emt 0:01:30]} 31. c4 {[%emt 0:00:10]} 1/2-1/2